000 00375nam a2200157Ia 4500
999 _c14236
_d14236
003 OSt
005 20260304154737.0
008 260210s9999 xx 000 0 und d
020 _a9780711272668
082 _a715
100 _aDàlia Adillon, Louise O'Brien
245 0 _a100 Things to Know About Architecture
260 _bHappy Yak
260 _c2023
942 _cUG
_2ddc